Oznamovacie káble. časť 2-26: Spoločné pravidlá na vývoj a konštrukciu. Bezhalogénové izolačné zmesi odolné proti šíreniu plameňa : STN EN 50290-2-26

Salvato in:
Dettagli Bibliografici
Natura: Libro
Lingua:inglese
Pubblicazione: Brusel : Cenelec, 2002
Tags: Aggiungi Tag
Nessun Tag, puoi essere il primo ad aggiungerne!!

MARC

LEADER 00000nam a22000003a 4500
001 0140626
003 SK-STU
005 20260324123653.6
007 ta
008 260324s ----xo-----e------000-0-----d
040 |a STU  |b slo 
041 0 |a eng 
044 |a be 
245 1 0 |a Oznamovacie káble. časť 2-26: Spoločné pravidlá na vývoj a konštrukciu. Bezhalogénové izolačné zmesi odolné proti šíreniu plameňa :  |b STN EN 50290-2-26 
260 |a Brusel :  |b Cenelec,  |c 2002 
300 |a 6 s. 
996 |b 284EO00699  |c E*O- 699  |l EE32  |s P  |a 0  |w 0140626_0001